000 00257nam a2200109Ia 4500
001 1261262
005 20260417140348.0
008 260417s9999 xx 000 0 und d
020 _a9786257587044
245 0 _aKuantum Uzayı
260 _bKetebe Yayınları
999 _c1261262
_d1261262